Statistics for Greek Diaspora

Click here to take the quiz!

General Stats

  • This quiz has been taken 126 times
  • The average score is 46 of 65

Answer Stats

AmountCountry% Correct
1,000,000+United States
100%
100,000+United Kingdom
99%
100,000+Canada
96%
1,000+Spain
96%
10,000+Turkey
96%
10,000+France
95%
100,000+Australia
94%
100,000+Germany
94%
100,000+Italy
94%
10,000+Russia
94%
10,000+Brazil
92%
1,000+Portugal
92%
10,000+Mexico
91%
100,000+Egypt
89%
10,000+Sweden
89%
100,000+Albania
87%
10,000+Bulgaria
86%
1,000+Norway
86%
10,000+Argentina
85%
1,000+Finland
85%
100,000+South Africa
85%
100,000+Cyprus
84%
1,000+New Zealand
84%
1,000+Denmark
82%
1,000+Poland
82%
10,000+Romania
82%
1,000+Austria
81%
10,000+Israel
81%
10,000+Serbia
81%
10,000+Switzerland
80%
10,000+Belgium
79%
100,000+Chile
79%
10,000+Netherlands
79%
10,000+Ukraine
79%
1,000+Hungary
76%
10,000+India
74%
10,000+Czech Republic
73%
1,000+Syria
73%
1,000+Peru
72%
10,000+Georgia
71%
1,000+Venezuela
71%
1,000+Lebanon
69%
10,000+Uruguay
69%
1,000+Cuba
67%
1,000+Ecuador
67%
1,000+Bosnia and Herzegovina
65%
1,000+Paraguay
63%
1,000+Libya
62%
1,000+Bolivia
58%
1,000+Saudi Arabia
58%
1,000+Panama
56%
1,000+Jordan
55%
10,000+Kazakhstan
55%
1,000+Kuwait
48%
1,000+Qatar
46%
1,000+Uzbekistan
45%
10,000+Democratic Republic of the Congo
34%
10,000+Zambia
34%
1,000+Zimbabwe
32%
10,000+Tanzania
27%
1,000+Bahamas
23%
1,000+Cameroon
18%
1,000+Malawi
10%
1,000+Papua New Guinea
9%
1,000+Sierra Leone
6%

Score Distribution

Percentile by Number Answered

Percent of People with Each Score

Your Score History

You have not taken this quiz